| 000 | 00990nam a22001937a 4500 | ||
|---|---|---|---|
| 003 | JO-AjAnu | ||
| 005 | 20250923092638.0 | ||
| 008 | 250921b jo ||||| |||| 00| 0 ara d | ||
| 040 |
_aANU _cJO-AjAnu |
||
| 041 | _hARA | ||
| 100 |
_aبني اسماعيل، عدي لطفي محمد _eمعد _966638 |
||
| 245 |
_aالحماية الدولية للممرات المائية الدولية مضيق باب المندب (انموذجاً) = International Protection of International Waterways Bab el-Mandab Strait (as a Model) _c / اعداد عدي لطفي محمد بني اسماعيل ؛ اشراف طلال العيسى |
||
| 260 | _c2025 | ||
| 300 | _a108 ورقة | ||
| 500 | _aرسالة جامعية (رسالة ماجستير في القانون) كلية الحقوق - جامعة عجلون الوطنية ؛ 2025 | ||
| 650 | _vالقانون الدولي البحري-مضيق باب المندب | ||
| 700 |
_aالعيسى،طلال _966021 _eمشرف |
||
| 942 |
_2lcc _cTHS _n0 |
||
| 999 |
_c33967 _d33967 |
||